Statystyki dla Najbardziej Niezamieszkiwalne Kraje

Kliknij tutaj aby rozwiązać quiz!

Ogólne statystyki

  • Ten quiz został rozwiązany 10 razy
  • Średni wynik to 16 z 20

Statystyki odpowiedzi

PopulacjaKraje% Poprawnych
96.5 milAlgieria
100%
59.1 milCzad
100%
44.5 milDemokratyczna Republika Konga
100%
557 milKanada
100%
66.4 milSudan
100%
432 milAustralia
88%
292 milBrazylia
88%
52.5 milMali
88%
56.5 milMauretania
88%
873 milRosja
88%
233 milStany Zjednoczone
88%
120 milArgentyna
75%
97.8 milLibia
75%
89.9 milMongolia
75%
92.2 milArabia Saudyjska
63%
42.7 milPeru
63%
53.5 milBoliwia
63%
143 milKazachstan
63%
49.5 milNiger
63%
46.6 milNamibia
50%

Rozkład punktacji

Percentyl według liczby udzielonych odpowiedzi

Procent ludzi z każdym wynikiem

Twoja historia wyników

Nie rozwiązałeś tego quizu